00506nam a22001577a 4500020001800000040000900018082001700027100002000044245005200064250001600116260003600132650004300168942001200211999001900223952010600242 a9780470226537 cNUST a658.4013 MIT aMitra, Amitava  aFundamentals of Quality Control and Improvement a3rd Edition aNew Jersey;bJohn Wiley,c2008. aQuality Control and Improvement959133 2ddccBK c594732d594732 00102ddc4070aCEMEbCEMEcGENd2023-05-15l0o658.4013 MITpCEME-45384r2023-05-15w2023-05-15yBK